System theory : A unified state-space approach to continuous and discrete systems

Αποθηκεύτηκε σε:
Λεπτομέρειες βιβλιογραφικής εγγραφής
Κύριοι συγγραφείς: Padulo, Louis, Arbib, Michael A. (Συγγραφέας)
Μορφή: Βιβλίο
Γλώσσα:English
Δημοσίευση: Philadelphia : Saunders, 1974.
Θέματα:
Ετικέτες: Προσθήκη ετικέτας
Δεν υπάρχουν, Καταχωρήστε ετικέτα πρώτοι!

MARC

LEADER 00000cam a2200000 i 4500
001 1/42207
008 941103s1974####us | ||| |||| ||eng||
020 |a 0721670350 
035 |l 10041703 
035 |a 1990  |c ΔΩΡΕΑ 
040 |a GR-MyUA  |b gre  |e AACR2 
041 0 |a eng 
082 0 |a 003 
100 1 |a Padulo, Louis. 
245 1 0 |a System theory :   |b A unified state-space approach to continuous and discrete systems /   |c [by] Louis Padulo [and] Michael A. Arbib.  
260 |a Philadelphia :   |b Saunders,   |c 1974.  
300 |a xvii, 779 σ. :   |b εικ. ;   |c 25 εκ.  
650 0 0 |a System analysis. 
650 0 0 |a State-space methods. 
700 1 |a Arbib, Michael A.  |e aut 
852 |a INST  |b SAMOS  |e 19941103  |h 003 PAD  |p 005300014184  |q 005300014184  |t BK  |y 0 
909 |a Σ  |b 018455